000 00837nam a22002897a 4500
001 BR8806945
003 BR-BrBNA
005 20230928093049.0
007 ta
008 230509b bl.||||| |||| 00| 0 por d
040 _aBR-BrBNA
_bpor
_cBiblioteca Nacional de Agricultura
041 _a(Por)
072 _aF06; C10
_b0150
_b/G514
_b/GZ23
090 _ 0150 BR8806945
110 1 _aMinisterio do Interior, Brasilia, DF (Brasil);
_97113
110 1 _aIICA, Campos, RJ (Brasil)
_95554
245 1 _aCurso de sistema de producao de arroz irrigado em varzea; Relatorio final
260 3 _aCampos, RJ (Brasil):
_c1983.
300 _a39 p.
500 _a5 tables; 14 ref.
650 _aARROZ IRRIGADO
650 _aPRATICA CULTURAL
650 _aCURSO
650 _aVARZEA
909 _a202309
_bLucia
_c55
_dLucia Elande
942 _cBK
999 _c42787
_d42787